Nguyễn Ái Quốc với các nhà cách mạngTrung Quốc trong thời gian Người ở Pari và Quảng Châu /

保存先:
書誌詳細
第一著者: Nguyễn Văn Tuấn.
フォーマット: 論文
言語:Vietnamese
主題:
タグ: タグ追加
タグなし, このレコードへの初めてのタグを付けませんか!
Thư viện lưu trữ: Thư viện Trường Đại học Đà Lạt
LEADER 00786nam a2200241 4500
001 DLU180185402
005 ##20180604
040 # # |a DLU  |b vie 
041 # # |a vie 
044 # # |a vn 
100 # # |a Nguyễn Văn Tuấn. 
245 # # |a Nguyễn Ái Quốc với các nhà cách mạngTrung Quốc trong thời gian Người ở Pari và Quảng Châu /  |c Nguyễn Văn Tuấn. 
653 # # |a Cách mạngTrung Quốc 
653 # # |a Nguyễn Ái Quốc 
773 # # |t Nghiên cứu Trung Quốc  |g Số 8(180), 2016, tr. 40-49 
920 # # |a Phòng Tạp chí -- Trung tâm Thông tin - Thư viện Trường Đại học Đà Lạt 
900 # # |a True 
911 # # |a Nguyễn Thị Thu Phương 
925 # # |a G 
926 # # |a A 
927 # # |a BB 
980 # # |a Thư viện Trường Đại học Đà Lạt